[Event "Titled Tuesday intern op 18th Aug"]
[Site "Chess.com INT"]
[Date "2020.08.18"]
[Round "4"]
[White "Zepeda, Sonia"]
[Black "Suvrajit, Saha"]
[Result "0-1"]
[WhiteElo "2066"]
[BlackElo "2198"]
[PlyCount "54"]
[EventDate "2020.08.18"]
[EventType "swiss (blitz)"]
[EventRounds "10"]
[EventCountry "USA"]
[SourceTitle "CBM 197 Extra"]
[Source "ChessBase"]
[SourceDate "2020.09.30"]
[SourceVersion "1"]
[SourceVersionDate "2020.09.30"]
[SourceQuality "1"]

1. e4 e5 2. Bc4 Nf6 3. Qe2 Nc6 4. Nf3 Bc5 5. c3 0-0 6. d3 a5 7. Bb3 d6 8. a4 Be6 9. Bc2 Ne7 10. Nbd2 Ng6 11. Nf1 Re8 12. Bg5 h6 13. Bd2 c6 14. h3 b5 15. g4 bxa4 16. Bxa4 Qb6 17. Be3 Bxe3 18. fxe3 d5 19. exd5 Nxd5 20. Ng3 Nxe3 21. g5 Nf4 22. Qd2 Nfg2+ 23. Ke2 Nf4+ 24. Ke1 Bd5 25. Ne4 Bxe4 26. dxe4 Rad8 27. Qc1 Nd3+ 0-1

[Event "Los Angeles Metropolitan op 1st"]
[Site "Los Angeles"]
[Date "2011.08.21"]
[Round "8"]
[White "Zepeda, Sonia"]
[Black "Tanaka, Christian T"]
[Result "1/2-1/2"]
[WhiteElo "2068"]
[BlackElo "2098"]
[PlyCount "30"]
[EventDate "2011.08.17"]
[EventType "swiss"]
[EventRounds "9"]
[EventCountry "USA"]
[SourceTitle "CBM 144 Extra"]
[Source "ChessBase"]
[SourceDate "2011.10.28"]
[SourceVersion "1"]
[SourceVersionDate "2011.10.28"]
[SourceQuality "1"]

1. e4 d5 2. exd5 Nf6 3. d4 Bg4 4. Be2 Bxe2 5. Nxe2 Qxd5 6. 0-0 Nc6 7. c3 0-0-0 8. Qb3 e6 9. Qxd5 exd5 10. Nd2 Bd6 11. Ng3 Bxg3 12. hxg3 Rhe8 13. Nf3 Re2 14. Re1 Rde8 15. Kf1 Rxe1+ 1/2-1/2

[Event "Los Angeles Metropolitan op 1st"]
[Site "Los Angeles"]
[Date "2011.08.19"]
[Round "5"]
[White "Haessel, Dale R"]
[Black "Zepeda, Sonia"]
[Result "1-0"]
[WhiteElo "2211"]
[BlackElo "2068"]
[PlyCount "93"]
[EventDate "2011.08.17"]
[EventType "swiss"]
[EventRounds "9"]
[EventCountry "USA"]
[SourceTitle "CBM 144 Extra"]
[Source "ChessBase"]
[SourceDate "2011.10.28"]
[SourceVersion "1"]
[SourceVersionDate "2011.10.28"]
[SourceQuality "1"]

1. d4 d5 2. Nf3 e6 3. c4 c6 4. Nc3 dxc4 5. a4 Bb4 6. e3 b5 7. Nd2 Bb7 8. axb5 Bxc3 9. bxc3 cxb5 10. Rb1 Bc6 11. Ba3 Ne7 12. Be2 0-0 13. 0-0 a6 14. Qc2 Re8 15. e4 Nd7 16. f4 Nf8 17. Bf3 Qc7 18. g3 Rad8 19. Bg2 Ba8 20. Rf2 Rd7 21. h4 Red8 22. h5 Nc6 23. Bc5 Ne7 24. g4 Nc8 25. f5 Qg3 26. Nf3 Rc7 27. Bb4 Qxg4 28. Ne5 Qxh5 29. Rbf1 f6 30. Bxf8 Rxf8 31. fxe6 Nb6 32. Rf5 Qe8 33. d5 Qe7 34. Qd1 Nc8 35. Ng4 Qc5+ 36. R5f2 Re7 37. Qf3 Ree8 38. Kh1 Qd6 39. Ne3 Ne7 40. Ng4 Ng6 41. Ne3 Ne7 42. Bh3 g6 43. Qg2 Kg7 44. Rxf6 Rxf6 45. Rxf6 Qe5 46. Rf7+ Kh8 47. Ng4 1-0

[Event "Los Angeles Metropolitan op 1st"]
[Site "Los Angeles"]
[Date "2011.08.19"]
[Round "4"]
[White "Zepeda, Sonia"]
[Black "Amier, Hamzah B Mohd Zuhr"]
[Result "1-0"]
[WhiteElo "2068"]
[BlackElo "1723"]
[PlyCount "83"]
[EventDate "2011.08.17"]
[EventType "swiss"]
[EventRounds "9"]
[EventCountry "USA"]
[SourceTitle "CBM 144 Extra"]
[Source "ChessBase"]
[SourceDate "2011.10.28"]
[SourceVersion "1"]
[SourceVersionDate "2011.10.28"]
[SourceQuality "1"]

1. e4 e6 2. d3 d5 3. Nd2 c5 4. Ngf3 Nc6 5. g3 Bd6 6. Bg2 Nge7 7. 0-0 b6 8. Re1 f6 9. c3 0-0 10. Nf1 dxe4 11. dxe4 e5 12. Ne3 Be6 13. Qc2 Rc8 14. Rd1 Ng6 15. h4 Rf7 16. h5 Nf8 17. Nh4 g6 18. Bf3 Bh3 19. Kh2 Be6 20. Qe2 Ne7 21. Nc4 Bxc4 22. Qxc4 Qd7 23. Be3 Rd8 24. Rd2 b5 25. Qe2 Qc6 26. Rad1 a6 27. Bh6 Ne6 28. Bg4 Ng7 29. Bxg7 Kxg7 30. Be6 Rff8 31. Qg4 c4 32. hxg6 hxg6 33. Kg1 Rh8 34. a3 Rh6 35. Bd5 Qb6 36. Qe6 Rf8 37. Bxc4 Bc5 38. Qxb6 Bxb6 39. Be6 Rfh8 40. Rd7 Kf8 41. R1d6 Nc8 42. Rc6 1-0

[Event "Los Angeles Metropolitan op 1st"]
[Site "Los Angeles"]
[Date "2011.08.18"]
[Round "2"]
[White "Zepeda, Sonia"]
[Black "Rosen, Eric S"]
[Result "0-1"]
[WhiteElo "2068"]
[BlackElo "2216"]
[PlyCount "86"]
[EventDate "2011.08.17"]
[EventType "swiss"]
[EventRounds "9"]
[EventCountry "USA"]
[SourceTitle "CBM 144 Extra"]
[Source "ChessBase"]
[SourceDate "2011.10.28"]
[SourceVersion "1"]
[SourceVersionDate "2011.10.28"]
[SourceQuality "1"]

1. e4 c5 2. Nf3 Nc6 3. d3 g6 4. g3 Bg7 5. Bg2 e5 6. 0-0 Nge7 7. Nc3 0-0 8. Ne1 d6 9. f4 f5 10. Be3 Rb8 11. Nf3 Nd4 12. Qd2 b5 13. Nd1 Bb7 14. c3 Ne6 15. Nf2 Qc7 16. fxe5 dxe5 17. Bh6 f4 18. Bxg7 Kxg7 19. d4 fxg3 20. hxg3 exd4 21. Ng5 Nxg5 22. Qxg5 h6 23. Qh4 g5 24. Qh2 Bc8 25. cxd4 cxd4 26. Rac1 Qe5 27. Nd3 Rxf1+ 28. Rxf1 Qe6 29. b3 Rb6 30. Qh5 Ng6 31. Qf3 Qe7 32. Qf2 Rd6 33. Rc1 Bg4 34. Rc5 a6 35. e5 Rd8 36. Be4 Be6 37. Rc6 Rf8 38. Qxd4 Qf7 39. Bg2 Ne7 40. Rxa6 Nf5 41. Qb6 Re8 42. Qxb5 Nd4 43. Qb6 Ne2+ 0-1

[Event "Los Angeles Metropolitan op 1st"]
[Site "Los Angeles"]
[Date "2011.08.17"]
[Round "1"]
[White "Tayar, Jonathan"]
[Black "Zepeda, Sonia"]
[Result "1-0"]
[WhiteElo "2335"]
[BlackElo "2068"]
[PlyCount "79"]
[EventDate "2011.08.17"]
[EventType "swiss"]
[EventRounds "9"]
[EventCountry "USA"]
[SourceTitle "CBM 144 Extra"]
[Source "ChessBase"]
[SourceDate "2011.10.28"]
[SourceVersion "1"]
[SourceVersionDate "2011.10.28"]
[SourceQuality "1"]

1. e4 c5 2. Nf3 Nc6 3. Nc3 d6 4. Bc4 Nf6 5. d4 cxd4 6. Nxd4 Qb6 7. Nxc6 bxc6 8. 0-0 e5 9. Kh1 Be7 10. f4 Ba6 11. Bxa6 Qxa6 12. b3 0-0 13. Bb2 Rad8 14. Qf3 Nd7 15. Qg3 Bf6 16. f5 Be7 17. Rf3 Nf6 18. Bc1 Kh8 19. Bg5 h6 20. Qh4 Rfe8 21. Raf1 Rd7 22. Bxh6 gxh6 23. Qxh6+ Nh7 24. f6 Bxf6 25. Rxf6 Re6 26. R1f3 Rxf6 27. Rxf6 Qa5 28. Rf3 Qd8 29. Rh3 f6 30. Rg3 d5 31. exd5 cxd5 32. h3 Qe7 33. Qg6 Qf8 34. h4 f5 35. Qe6 Re7 36. Rg8+ Qxg8 37. Qxe7 Qg3 38. Nxd5 Qe1+ 39. Kh2 Qe4 40. Qxh7+ 1-0

[Event "Capablanca Memorial op 45th"]
[Site "Havana"]
[Date "2010.06.16"]
[Round "6"]
[White "Pina Vega, Sulennis"]
[Black "Zepeda, Sonia"]
[Result "1-0"]
[WhiteElo "2336"]
[BlackElo "2107"]
[PlyCount "63"]
[EventDate "2010.06.10"]
[EventType "swiss"]
[EventRounds "10"]
[EventCountry "CUB"]
[SourceTitle "CBM 137 Extra"]
[Source "ChessBase"]
[SourceDate "2010.09.01"]
[SourceVersion "1"]
[SourceVersionDate "2010.09.01"]
[SourceQuality "1"]

1. e4 c5 2. Nf3 Nc6 3. Bb5 e6 4. Bxc6 bxc6 5. b3 Ne7 6. Bb2 Ng6 7. h4 h5 8. e5 Be7 9. Nc3 f6 10. Ne4 Bb7 11. d3 Nxe5 12. Nxe5 fxe5 13. Bxe5 d5 14. Ng5 Bxg5 15. hxg5 Qxg5 16. Qe2 Kd7 17. f4 Qg3+ 18. Kd2 Raf8 19. Rh3 Qg6 20. Qf2 Rf7 21. Rg3 Qh6 22. Qxc5 Rd8 23. Rg5 Ke8 24. Rh1 g6 25. d4 a6 26. Qc3 Rf5 27. Qe3 Kd7 28. g4 Rxg5 29. fxg5 Qh7 30. gxh5 gxh5 31. g6 Qe7 32. Rxh5 1-0

[Event "Capablanca Memorial op 45th"]
[Site "Havana"]
[Date "2010.06.13"]
[Round "4"]
[White "Llorente Pupo, Ramon"]
[Black "Zepeda, Sonia"]
[Result "1-0"]
[WhiteElo "2338"]
[BlackElo "2107"]
[PlyCount "30"]
[EventDate "2010.06.10"]
[EventType "swiss"]
[EventRounds "10"]
[EventCountry "CUB"]
[SourceTitle "CBM 137 Extra"]
[Source "ChessBase"]
[SourceDate "2010.09.01"]
[SourceVersion "1"]
[SourceVersionDate "2010.09.01"]
[SourceQuality "1"]

1. e4 c5 2. Nf3 Nc6 3. Nc3 d6 4. d4 cxd4 5. Nxd4 Nf6 6. Bg5 e6 7. Qd2 a6 8. 0-0-0 Qb6 9. Nb3 Bd7 10. f3 Qc7 11. Kb1 0-0-0 12. Be3 b5 13. a4 Na7 14. Qf2 Kb8 15. Bb6 Qc8 1-0

[Event "Olympiad Women-38"]
[Site "Dresden"]
[Date "2008.11.22"]
[Round "9"]
[White "Yildiz Kadioglu, Betul Cemre"]
[Black "Zepeda, Sonia"]
[Result "1-0"]
[WhiteElo "2219"]
[BlackElo "2118"]
[PlyCount "49"]
[EventDate "2008.11.13"]
[EventType "team-swiss"]
[EventRounds "11"]
[EventCountry "GER"]
[SourceTitle "CBM 128"]
[Source "ChessBase"]
[SourceDate "2009.01.28"]
[SourceVersion "1"]
[SourceVersionDate "2009.01.28"]
[SourceQuality "1"]
[WhiteTeam "Turkey (W)"]
[BlackTeam "El Salvador (W)"]
[WhiteTeamCountry "TUR"]
[BlackTeamCountry "ESA"]

1. e4 c5 2. Nf3 Nc6 3. Bb5 e6 4. 0-0 Nge7 5. b3 a6 6. Bxc6 Nxc6 7. Bb2 d6 8. d4 cxd4 9. Nxd4 e5 10. Ne2 Be7 11. Nbc3 Be6 12. Nd5 Bxd5 13. Qxd5 Qc7 14. Qd2 0-0 15. Nc3 Rad8 16. Nd5 Qb8 17. f4 Rfe8 18. f5 Bf8 19. Qg5 Kh8 20. f6 g6 21. Rf3 Nd4 22. Rh3 Qc8 23. Qh4 h6 24. Bxd4 exd4 25. Ne7 1-0

[Event "Olympiad Women-38"]
[Site "Dresden"]
[Date "2008.11.20"]
[Round "7"]
[White "Pintor, Ariana Maciel Abran"]
[Black "Zepeda, Sonia"]
[Result "1-0"]
[WhiteElo "2152"]
[BlackElo "2118"]
[PlyCount "67"]
[EventDate "2008.11.13"]
[EventType "team-swiss"]
[EventRounds "11"]
[EventCountry "GER"]
[SourceTitle "CBM 128"]
[Source "ChessBase"]
[SourceDate "2009.01.28"]
[SourceVersion "1"]
[SourceVersionDate "2009.01.28"]
[SourceQuality "1"]
[WhiteTeam "Portugal (W)"]
[BlackTeam "El Salvador (W)"]
[WhiteTeamCountry "POR"]
[BlackTeamCountry "ESA"]

1. e4 c5 2. Nf3 Nc6 3. d4 cxd4 4. Nxd4 Nf6 5. Nc3 d6 6. g3 e6 7. Bg2 a6 8. 0-0 Bd7 9. Be3 Be7 10. a4 0-0 11. h3 Na5 12. g4 Nc4 13. Bc1 Rc8 14. g5 Ne8 15. h4 Qa5 16. Nce2 Qc7 17. c3 b5 18. axb5 axb5 19. Ng3 Rb8 20. h5 Nb6 21. Qg4 b4 22. cxb4 Qc4 23. Be3 Qxb4 24. Ra7 Nc4 25. Rxd7 Ne5 26. Qh3 Nxd7 27. Nc6 Qxb2 28. Bd4 Qd2 29. Nxe7+ Kh8 30. Ng6+ fxg6 31. hxg6 Ndf6 32. gxf6 h6 33. fxg7+ Nxg7 34. Be3 1-0

[Event "Pan American-ch (Women)"]
[Site "San Salvador"]
[Date "2008.05.08"]
[Round "3"]
[White "Yuan, Yuanling"]
[Black "Zepeda, Sonia"]
[Result "1-0"]
[WhiteElo "2119"]
[BlackElo "2048"]
[PlyCount "67"]
[EventDate "2008.05.06"]
[EventType "swiss"]
[EventRounds "9"]
[EventCountry "ESA"]
[SourceTitle "CBM 124 Extra"]
[Source "ChessBase"]
[SourceDate "2008.07.03"]
[SourceVersion "1"]
[SourceVersionDate "2008.07.03"]
[SourceQuality "1"]

1. e4 c5 2. Nf3 Nc6 3. d4 cxd4 4. Nxd4 Nf6 5. Nc3 d6 6. Bg5 e6 7. Qd2 a6 8. 0-0-0 Bd7 9. f3 h6 10. Be3 Qc7 11. g4 Be7 12. h4 0-0-0 13. Qf2 Rde8 14. Nb3 Bd8 15. Na4 Ne5 16. Nb6+ Kb8 17. Nxd7+ Qxd7 18. Rg1 Be7 19. g5 hxg5 20. hxg5 Nh5 21. f4 Nc6 22. Kb1 g6 23. Be2 Rc8 24. Nc5 Qe8 25. Nxa6+ Ka8 26. Qf1 bxa6 27. Bxh5 Nb4 28. c3 Rxh5 29. cxb4 Qa4 30. Qd3 Kb7 31. Qd4 Rc2 32. Rd2 Rh2 33. Rxh2 Rxh2 34. Qa7+ 1-0

[Event "Pan American-ch (Women)"]
[Site "San Salvador"]
[Date "2008.05.07"]
[Round "2"]
[White "Zepeda, Sonia"]
[Black "Orozco Lopez, Luz Elena"]
[Result "1-0"]
[WhiteElo "2048"]
[BlackElo "1946"]
[PlyCount "69"]
[EventDate "2008.05.06"]
[EventType "swiss"]
[EventRounds "9"]
[EventCountry "ESA"]
[SourceTitle "CBM 124 Extra"]
[Source "ChessBase"]
[SourceDate "2008.07.03"]
[SourceVersion "1"]
[SourceVersionDate "2008.07.03"]
[SourceQuality "1"]

1. e4 c5 2. Nf3 Nc6 3. d4 cxd4 4. Nxd4 e5 5. Nb5 d6 6. N1c3 a6 7. Na3 Be7 8. Nd5 Be6 9. c4 Nf6 10. Bd3 Nd7 11. 0-0 0-0 12. Nc2 Nc5 13. Be3 f5 14. exf5 Bxf5 15. Bxf5 Rxf5 16. b4 Nd7 17. Qd3 Rf7 18. Nxe7+ Qxe7 19. Rad1 Qh4 20. Qb3 Qe7 21. Rd2 Nf6 22. Rfd1 Rd8 23. Bb6 Rd7 24. a4 Qe6 25. Ne3 Ne7 26. a5 Nc8 27. Nd5 Nxd5 28. Rxd5 Qf6 29. Qe3 Qh4 30. Qe2 Rf6 31. Rxe5 Nxb6 32. axb6 dxe5 33. Rxd7 Rxb6 34. Qxe5 Qf6 35. Qb8+ 1-0

[Event "American Continental (Women) 04th"]
[Site "San Luis"]
[Date "2007.09.04"]
[Round "8.7"]
[White "Zepeda, Sonia"]
[Black "Vargas, Gabriela"]
[Result "1/2-1/2"]
[WhiteElo "2045"]
[BlackElo "2118"]
[PlyCount "32"]
[EventDate "2007.08.28"]
[EventType "swiss"]
[EventRounds "11"]
[EventCountry "ARG"]
[SourceTitle "EXT 2023"]
[Source "ChessBase"]
[SourceDate "2022.10.05"]
[SourceVersion "1"]
[SourceVersionDate "2022.10.05"]
[SourceQuality "1"]

1. e4 e6 2. d3 d5 3. Nd2 Nf6 4. Ngf3 Bc5 5. Be2 dxe4 6. dxe4 Nc6 7. 0-0 e5 8. Bb5 Qe7 9. c3 a5 10. Qe2 0-0 11. h3 Nh5 12. Rd1 Nf4 13. Qf1 Qf6 14. Kh2 Be6 15. Ng1 Ne7 16. g3 c6 1/2-1/2

[Event "American Continental (Women) 04th"]
[Site "San Luis"]
[Date "2007.08.31"]
[Round "4.8"]
[White "Zuriel, Marisa"]
[Black "Zepeda, Sonia"]
[Result "1-0"]
[WhiteElo "2184"]
[BlackElo "2045"]
[PlyCount "73"]
[EventDate "2007.08.28"]
[EventType "swiss"]
[EventRounds "11"]
[EventCountry "ARG"]
[SourceTitle "EXT 2023"]
[Source "ChessBase"]
[SourceDate "2022.10.05"]
[SourceVersion "1"]
[SourceVersionDate "2022.10.05"]
[SourceQuality "1"]

1. e4 c5 2. Nf3 Nc6 3. d4 cxd4 4. Nxd4 Nf6 5. Nc3 d6 6. Bc4 Qb6 7. Nb3 e6 8. 0-0 Be7 9. Be3 Qc7 10. f4 a6 11. Bd3 b5 12. Qf3 Bb7 13. Qh3 Nb4 14. Nd4 d5 15. e5 Ne4 16. f5 Qxe5 17. fxe6 f6 18. Nf5 g6 19. Bd4 Bc5 20. Bxc5 Nxc5 21. Rae1 Qc7 22. Nh6 Nbxd3 23. cxd3 b4 24. Ne2 Qg7 25. a3 a5 26. Nf4 f5 27. Qe3 Rc8 28. Nf7 Ke7 29. Nxh8 Qxh8 30. axb4 axb4 31. Rf2 Qf6 32. Rc2 d4 33. Qd2 b3 34. Rxc5 Rxc5 35. Qb4 Kd6 36. Qxb7 Rc7 37. Qxc7+ 1-0

[Event "American Continental (Women) 04th"]
[Site "San Luis"]
[Date "2007.08.30"]
[Round "3.11"]
[White "Zepeda, Sonia"]
[Black "Mateus, Martha"]
[Result "1-0"]
[WhiteElo "2045"]
[BlackElo "2127"]
[PlyCount "71"]
[EventDate "2007.08.28"]
[EventType "swiss"]
[EventRounds "11"]
[EventCountry "ARG"]
[SourceTitle "EXT 2023"]
[Source "ChessBase"]
[SourceDate "2022.10.05"]
[SourceVersion "1"]
[SourceVersionDate "2022.10.05"]
[SourceQuality "1"]

1. e4 c5 2. Nf3 d6 3. d4 Nf6 4. Nc3 cxd4 5. Nxd4 a6 6. Be3 e5 7. Nb3 Be6 8. Qd2 Nbd7 9. f4 Qc7 10. 0-0-0 Rc8 11. Kb1 Be7 12. h3 b5 13. f5 Bc4 14. Bd3 b4 15. Nd5 Bxd5 16. exd5 a5 17. Bb5 0-0 18. g4 Nb6 19. g5 Nfxd5 20. Bxb6 Nxb6 21. f6 Bd8 22. fxg7 Kxg7 23. Nxa5 Qc5 24. Qe2 Be7 25. Nb3 Qc7 26. Bd3 d5 27. Bf5 Ra8 28. Qh5 Rh8 29. Rhf1 Bf8 30. h4 Qa7 31. Be6 fxe6 32. Qh6+ Kg8 33. Qxe6+ Kg7 34. Qxe5+ Kg8 35. Qe6+ Kg7 36. h5 1-0

[Event "Santo Domingo zt 2.3 (Women)"]
[Site "Santo Domingo"]
[Date "2007.06.09"]
[Round "12"]
[White "Zepeda, Sonia"]
[Black "Estrada Gaspar, Nelly Massiel"]
[Result "1/2-1/2"]
[WhiteElo "2040"]
[BlackElo "2079"]
[PlyCount "83"]
[EventDate "2007.05.29"]
[EventType "tourn"]
[EventRounds "13"]
[EventCountry "DOM"]
[SourceTitle "CBM 118 Extra"]
[Source "ChessBase"]
[SourceDate "2007.07.04"]
[SourceVersion "1"]
[SourceVersionDate "2007.07.04"]
[SourceQuality "1"]

1. e4 c5 2. Nf3 g6 3. d4 cxd4 4. Nxd4 Nc6 5. c4 Nf6 6. Nc3 d6 7. Be2 Nxd4 8. Qxd4 Bg7 9. Be3 0-0 10. Qd2 Qa5 11. 0-0 Be6 12. Rac1 Rfc8 13. b3 a6 14. f4 b5 15. f5 Bd7 16. e5 b4 17. exf6 bxc3 18. Qd3 Bxf6 19. fxg6 hxg6 20. Rxf6 exf6 21. Qxd6 Qe5 22. Qxe5 fxe5 23. b4 Rab8 24. a3 f5 25. Rxc3 a5 26. Bc5 Rxc5 27. bxc5 Rc8 28. Rd3 Be6 29. Rd6 Kf7 30. c6 Ke7 31. c5 Rd8 32. Rd1 Rxd1+ 33. Bxd1 Kd8 34. Kf2 Kc7 35. Ba4 Bd5 36. h3 Bxc6 37. Bb3 Be4 38. Ba4 g5 39. g3 f4 40. h4 fxg3+ 41. Kxg3 gxh4+ 42. Kxh4 1/2-1/2

[Event "Santo Domingo zt 2.3 (Women)"]
[Site "Santo Domingo"]
[Date "2007.05.31"]
[Round "3"]
[White "Zepeda, Sonia"]
[Black "Munoz Santana, Doribel"]
[Result "1-0"]
[WhiteElo "2040"]
[BlackElo "1938"]
[PlyCount "75"]
[EventDate "2007.05.29"]
[EventType "tourn"]
[EventRounds "13"]
[EventCountry "DOM"]
[SourceTitle "CBM 118 Extra"]
[Source "ChessBase"]
[SourceDate "2007.07.04"]
[SourceVersion "1"]
[SourceVersionDate "2007.07.04"]
[SourceQuality "1"]

1. e4 e5 2. Nf3 Nc6 3. Bc4 Bc5 4. d3 Nf6 5. c3 0-0 6. b4 Be7 7. 0-0 d5 8. exd5 Nxd5 9. Bb2 Bf6 10. Nbd2 g6 11. Re1 Re8 12. Ne4 Bg7 13. Qb3 Be6 14. Nfg5 Nf4 15. Nxe6 Nxe6 16. Nc5 Qc8 17. Nxe6 fxe6 18. Re4 a6 19. a4 Qd8 20. Bxe6+ Kh8 21. Bc4 Rb8 22. a5 Qf6 23. Rae1 Rf8 24. Qc2 Rbd8 25. f3 Qd6 26. Bc1 Nb8 27. Be3 Nd7 28. Bf2 Rf5 29. Qe2 b6 30. axb6 Nxb6 31. Bc5 Qc6 32. d4 Nxc4 33. Qxc4 exd4 34. Re6 Qd7 35. Re7 Qc6 36. Rxg7 Rxc5 37. Qf7 Rh5 38. Re7 1-0

[Event "Olympiad Women-37"]
[Site "Turin"]
[Date "2006.06.03"]
[Round "12"]
[White "Benderac, Ana"]
[Black "Zepeda, Sonia"]
[Result "1-0"]
[WhiteElo "2293"]
[BlackElo "2036"]
[PlyCount "55"]
[EventDate "2006.05.21"]
[EventType "team-swiss"]
[EventRounds "13"]
[EventCountry "ITA"]
[SourceTitle "CBM 112 Extra"]
[Source "ChessBase"]
[SourceDate "2006.07.14"]
[SourceVersion "1"]
[SourceVersionDate "2006.07.14"]
[SourceQuality "1"]
[WhiteTeam "Yugoslavia (W)"]
[BlackTeam "El Salvador (W)"]
[WhiteTeamCountry "YUG"]
[BlackTeamCountry "ESA"]

1. d4 d5 2. Nf3 Nf6 3. Bg5 e6 4. e3 Be7 5. Nbd2 0-0 6. Bd3 Nbd7 7. 0-0 c5 8. c3 b6 9. Ne5 Nxe5 10. dxe5 Nd7 11. Bxe7 Qxe7 12. f4 f6 13. exf6 Nxf6 14. Nf3 Bb7 15. Ne5 a6 16. Qe1 Nd7 17. Qg3 Nxe5 18. fxe5 b5 19. Rf3 Bc6 20. Raf1 Bd7 21. Qh3 g6 22. Rf6 Rxf6 23. exf6 Qf7 24. Qg3 Rc8 25. Qe5 Be8 26. h4 Rc6 27. h5 Rc7 28. hxg6 1-0

[Event "Olympiad Women-37"]
[Site "Turin"]
[Date "2006.05.30"]
[Round "9"]
[White "Jonovska, Katerina"]
[Black "Zepeda, Sonia"]
[Result "1-0"]
[WhiteElo "2051"]
[BlackElo "2036"]
[PlyCount "55"]
[EventDate "2006.05.21"]
[EventType "team-swiss"]
[EventRounds "13"]
[EventCountry "ITA"]
[SourceTitle "CBM 112 Extra"]
[Source "ChessBase"]
[SourceDate "2006.07.14"]
[SourceVersion "1"]
[SourceVersionDate "2006.07.14"]
[SourceQuality "1"]
[WhiteTeam "Macedonia (W)"]
[BlackTeam "El Salvador (W)"]
[WhiteTeamCountry "MKD"]
[BlackTeamCountry "ESA"]

1. e4 c5 2. Nf3 Nc6 3. d4 cxd4 4. Nxd4 Nf6 5. Nc3 d6 6. Bc4 Qb6 7. Nb3 e6 8. Be3 Qc7 9. Bd3 Be7 10. f4 a6 11. 0-0 b5 12. Qf3 Bb7 13. Qh3 Nb4 14. Nd4 d5 15. e5 Ne4 16. Bxe4 dxe4 17. a3 Nc6 18. Nxc6 Qxc6 19. Rad1 Bxa3 20. Nxb5 axb5 21. bxa3 Rxa3 22. Rd6 Qc3 23. Rxe6+ fxe6 24. Qxe6+ Kf8 25. Qd6+ Kg8 26. Qd8+ Kf7 27. Qd7+ Kg6 28. Qe6+ 1-0

[Event "American Continental (Women) 03rd"]
[Site "Guatemala City"]
[Date "2005.11.??"]
[Round "7"]
[White "Avelar, Gabriela"]
[Black "Zepeda, Sonia"]
[Result "0-1"]
[WhiteElo "1952"]
[BlackElo "2029"]
[PlyCount "52"]
[EventDate "2005.11.12"]
[EventType "swiss"]
[EventRounds "9"]
[EventCountry "GUA"]
[SourceTitle "EXT 2023"]
[Source "ChessBase"]
[SourceDate "2022.10.05"]
[SourceVersion "1"]
[SourceVersionDate "2022.10.05"]
[SourceQuality "1"]

1. e4 c5 2. Nf3 Nc6 3. d4 cxd4 4. Nxd4 Nf6 5. Nc3 d6 6. Be2 e5 7. Nb3 Be7 8. Be3 Be6 9. 0-0 0-0 10. f3 d5 11. exd5 Bxd5 12. Bg5 Qb6+ 13. Kh1 Be6 14. Bd3 a5 15. Na4 Qb4 16. Nbc5 Qd4 17. Nxe6 fxe6 18. c3 Qd6 19. Bc4 Nd5 20. Bxe7 Ncxe7 21. Qb3 Qc7 22. Bb5 Rf6 23. c4 Nf4 24. Nc3 Nf5 25. g3 Nxg3+ 26. Kg1 Qc5+ 0-1

[Event "American Continental (Women) 03rd"]
[Site "Guatemala City"]
[Date "2005.11.??"]
[Round "3"]
[White "Sanchez Castillo, Sarai Carolina"]
[Black "Zepeda, Sonia"]
[Result "1/2-1/2"]
[WhiteElo "2169"]
[BlackElo "2029"]
[PlyCount "140"]
[EventDate "2005.11.12"]
[EventType "swiss"]
[EventRounds "9"]
[EventCountry "GUA"]
[SourceTitle "EXT 2023"]
[Source "ChessBase"]
[SourceDate "2022.10.05"]
[SourceVersion "1"]
[SourceVersionDate "2022.10.05"]
[SourceQuality "1"]

1. e4 c5 2. Nf3 Nc6 3. Nc3 d6 4. d4 cxd4 5. Nxd4 Nf6 6. Bc4 Qb6 7. Nb3 e6 8. Bf4 Ne5 9. Be2 Be7 10. Be3 Qc7 11. f4 Nc4 12. Nb5 Qc6 13. Bxc4 Qxc4 14. Qd3 Qc6 15. Na5 Qd7 16. e5 Nd5 17. Nxd6+ Bxd6 18. exd6 Nxe3 19. Qxe3 Qxd6 20. 0-0 0-0 21. Nc4 Qc7 22. Qb3 b6 23. Ne5 Bb7 24. Rf2 Rad8 25. Qe3 Qd6 26. h3 h6 27. a4 Qd4 28. Qxd4 Rxd4 29. a5 b5 30. a6 Ba8 31. Ra5 Rd5 32. Re2 Rfd8 33. Kf2 f6 34. Nd3 Kf7 35. g3 R8d6 36. Ra3 Rd4 37. Rc3 Rc4 38. Rxc4 bxc4 39. Nb4 Rb6 40. c3 Rd6 41. Ke3 g5 42. fxg5 hxg5 43. Rd2 Rxd2 44. Kxd2 Bg2 45. Ke3 e5 46. h4 gxh4 47. gxh4 Kg6 48. Nc2 Kh5 49. Na3 Kxh4 50. Nxc4 Kg4 51. Nd6 f5 52. c4 Ba8 53. b4 f4+ 54. Kf2 e4 55. b5 e3+ 56. Ke2 Bf3+ 57. Ke1 Bg2 58. Ke2 Bf3+ 59. Kf1 Kg3 60. Nf5+ Kg4 61. Nd4 Be4 62. Ke2 Kg3 63. c5 Bd5 64. c6 Bc4+ 65. Ke1 f3 66. Nxf3 Bxb5 67. Nd4 Bxa6 68. c7 Kf4 69. Nb5 Ke5 70. Nxa7 Kd6 1/2-1/2

[Event "American Continental (Women) 03rd"]
[Site "Guatemala City"]
[Date "2005.11.??"]
[Round "2"]
[White "Zepeda, Sonia"]
[Black "Ramon Pita, Vivian"]
[Result "0-1"]
[WhiteElo "2029"]
[BlackElo "2260"]
[PlyCount "96"]
[EventDate "2005.11.12"]
[EventType "swiss"]
[EventRounds "9"]
[EventCountry "GUA"]
[SourceTitle "EXT 2023"]
[Source "ChessBase"]
[SourceDate "2022.10.05"]
[SourceVersion "1"]
[SourceVersionDate "2022.10.05"]
[SourceQuality "1"]

1. e4 e5 2. Bc4 Nf6 3. d3 Nc6 4. Nc3 Na5 5. Bb3 Nxb3 6. axb3 c6 7. Nf3 Qc7 8. Bg5 Be7 9. 0-0 d6 10. d4 h6 11. Be3 Ng4 12. Qd3 Nxe3 13. Qxe3 a6 14. d5 c5 15. Ne2 Qd8 16. Ng3 g6 17. Qc3 h5 18. b4 h4 19. Ne2 cxb4 20. Qxb4 h3 21. g3 Bg4 22. Qb3 Rc8 23. Ra3 Qc7 24. Rc1 Bf8 25. Qd3 Bh6 26. Rc3 Qd7 27. Ra1 0-0 28. Rxc8 Rxc8 29. Nc3 Qd8 30. Ra3 Qf6 31. Ne1 Qg5 32. Rb3 b5 33. f3 Bd7 34. Kf2 Qd8 35. Ne2 Qb6+ 36. Kf1 f5 37. Rc3 Rf8 38. exf5 Bxf5 39. Qd1 Bd7 40. b4 a5 41. bxa5 Qxa5 42. Rb3 Bd2 43. Rd3 Bb4 44. c3 Bc5 45. Qc1 Bf5 46. Rd1 Ba7 47. Nc2 Qb6 48. Ke1 Qf2+ 0-1